01077nam a2200241ua 4500001000800000005001700008008004100025020001800066040004500084041000800129100003500137245009600172260005700268300001800325490003100343600006700374600006200441600006400503600006900567600005900636650007700695650006300772133493220180903110527.0180903s2012 ck gr 00011dspa d a9789587145267 aCO-BoUCMbspa cSaul NiñodSaul Niño0 aspa1 aMejía Rivera, Orlandod1961-10aCronistas del futurobensayos sobre escritores de ciencia ficcióncOrlando Mejía Rivera aMedellínbEditorial Universidad de Antioquiac2012 a125 páginas0 aDivulgación científica14aWells, Herbert Georged1866-1946xCrítica e interpretación14aLem, Stanislaw, d1921-2006xCrítica e interpretación14aDisch, Thomas M., d1939-2008xCrítica e interpretación14aLe Guin, Ursula Kroeberd1929-2018xCrítica e interpretación14aRivas, Manuel Antonio dexCrítica e interpretación 7aLiteratura y ciencia xHistoria y críticavEnsayos, conferencias, etc. 7aNovela xHistoria y críticavEnsayos, conferencias, etc.